000
00281nam a2200121Ia 4500
005
20251222154440.0
008
251222s9999||||xx |||||||||||||| ||spa||
020
_a
84-7.017-141-0
082
_a
709/B17
100
_a
"Belves, Pierre"
245
0
_a
Yo descubro el arte
942
_c
LIB
999
_c
36762
_d
36762